| 000 | 01968cam a2200241 4500 | ||
|---|---|---|---|
| 001 | L137047 | ||
| 008 | 110830s2006 xxk f 000 0 eng d | ||
| 035 | _a(Sirsi) u137047 | ||
| 041 | 0 | _aeng | |
| 050 | 0 | 4 | _a658.2 $2 18 |
| 110 | 2 |
_aRoyal Institution of Chartered Surveyors _bFacilities Management Faculty _94295 |
|
| 245 | 0 | 0 |
_aYour pathway to qualifying in facilities management _h[electronic resource] |
| 260 |
_aLondon _bRICS _c2006 |
||
| 505 | 2 | _aAnalysis of client requirements; conflict avoidance, management and dispute resolution procedures; construction technology and environmental services; consultancy services; contract administration; contract practice; corporate real estate management; design and specification; environmental management; fire safety; GIS; health and safety; landlord and tenant (including rent reviews and lease renewals); maintenance management; procurement and tendering; project audit; project financial control and reporting; property management; strategic real estate consultancy; measurement of land and property; sustainability; works progress and quality management. | |
| 520 | _aProvides information on the area with a general overview of the pathways. Lists the competency requirements of the facilities management APC and ATC pathways (as set out in the APC/ATC Requirements and competencies guide July 2006). Describes the main competencies associated with facilities management, providing expanded sector specific guidance on each of them. | ||
| 590 | _aKA | ||
| 651 | 4 |
_aUnited Kingdom _y |
|
| 690 | _aCAREERS, EDUCATION AND TRAINING-QUALIFICATION ROUTES | ||
| 690 | _aCAREERS, EDUCATION AND TRAINING-CAREERS IN SURVEYING-CAREERS IN FACILITIES MANAGEMENT | ||
| 690 | _aCAREERS, EDUCATION AND TRAINING-QUALIFICATION ROUTES-ASSESSMENT OF PROFESSIONAL COMPETENCE | ||
| 856 | 4 | 0 |
_uhttps://www.rics.org/site/download_feed.aspx?fileID=161&fileExtension=PDF _zView the item free of charge at www.rics.org |
| 942 | _n0 | ||
| 999 |
_c106619 _d106619 |
||